Central Library OPAC University of Rajshahi
Normal view MARC view

Entry Topical Term

Number of records used in: 2

001 - CONTROL NUMBER

  • control field: 110

003 - CONTROL NUMBER IDENTIFIER

  • control field: BD-RjUL

005 - DATE AND TIME OF LATEST TRANSACTION

  • control field: 20211212125109.0

008 - FIXED-LENGTH DATA ELEMENTS

  • fixed length control field: 211212|| aca||aabn | a|a d

040 ## - CATALOGING SOURCE

  • Original cataloging agency: BD-RjUL
  • Transcribing agency: BD-RjUL

150 ## - HEADING--TOPICAL TERM

  • Form subdivision: Islam

670 ## - SOURCE DATA FOUND

  • Source citation: Work cat.: (BD-RjUL)78983: الشعراني، عبد الوهاب بن أحمد بن علي;;Al-Shaarani, Abd al-Wahhab bin Ahmed bin Ali, (898-973 هـ.) 109, كشف الغمة عن جميع الأمة ;; kashf alghumat ean jamie al'uma /, 1951